|
|
|
|
| LEADER |
00000cam a22000004a 4500 |
| 001 |
musev2_1335 |
| 003 |
MdBmJHUP |
| 005 |
20230905040213.0 |
| 006 |
m o d |
| 007 |
cr||||||||nn|n |
| 008 |
090821s2010 msu o 00 0 eng d |
| 010 |
|
|
|z 2009034639
|
| 020 |
|
|
|a 9781604735611
|
| 020 |
|
|
|z 1604735600
|
| 020 |
|
|
|z 1604735619
|
| 020 |
|
|
|z 9781604735604
|
| 035 |
|
|
|a (OCoLC)638859544
|
| 040 |
|
|
|a MdBmJHUP
|c MdBmJHUP
|
| 050 |
0 |
4 |
|a PS3511.A86
|b Z7832113 2010
|
| 082 |
0 |
|
|a 813/.52
|2 22
|
| 245 |
1 |
0 |
|a Faulkner's Sexualities /
|c edited by Annette Trefzer and Ann J. Abadie.
|
| 264 |
|
1 |
|a Jackson :
|b University Press of Mississippi,
|c 2010.
|
| 264 |
|
3 |
|a Baltimore, Md. :
|b Project MUSE,
|c 2012
|
| 264 |
|
4 |
|c ©2010.
|
| 300 |
|
|
|a 1 online resource (224 pages):
|b ill.,
|
| 336 |
|
|
|a text
|b txt
|2 rdacontent
|
| 337 |
|
|
|a computer
|b c
|2 rdamedia
|
| 338 |
|
|
|a online resource
|b cr
|2 rdacarrier
|
| 504 |
|
|
|a Includes bibliographical references and index.
|
| 505 |
0 |
|
|a Unhistoricizing Faulkner / Catherine Gunther Kodat -- The artful and crafty ones of the French Quarter : male homosexuality and Faulkner's early prose writing / Gary Richards -- "And you too, sister, sister?" : lesbian sexuality, Absalom, Absalom!, and the reconstruction of the Southern family / Jaime Harker -- Faulkner, Marcuse, and erotic power / Michael Zeitlin -- Faulkner's sexualized city : modernism, commerce, and the (textual) body / Peter Lurie -- "Must have been love" : sexualities' attachments in Faulkner / Deborah E. McDowell -- All mixed up : female sexuality and race in The sound and the fury / Kristin Fujie -- Faulkner's Black sexuality / John N. Duvall -- Popeye's impersonal temple / Michael Wainwright -- Temple Drake's rape and the myth of the willing victim / Caroline Garnier.
|
| 588 |
|
|
|a Description based on print version record.
|
| 600 |
1 |
0 |
|a Faulkner, William,
|d 1897-1962
|x Aesthetics
|v Congresses.
|
| 600 |
1 |
0 |
|a Faulkner, William,
|d 1897-1962
|x Sexual behavior
|v Congresses.
|
| 600 |
1 |
0 |
|a Faulkner, William,
|d 1897-1962
|x Criticism and interpretation
|v Congresses.
|
| 650 |
|
0 |
|a Gender identity in literature
|v Congresses.
|
| 650 |
|
0 |
|a Sex (Psychology) in literature
|v Congresses.
|
| 650 |
|
0 |
|a Sex in literature
|v Congresses.
|
| 655 |
|
7 |
|a Electronic books.
|2 local
|
| 700 |
1 |
|
|a Abadie, Ann J.
|
| 700 |
1 |
|
|a Trefzer, Annette,
|d 1960-
|
| 710 |
2 |
|
|a Project Muse.
|e distributor
|
| 830 |
|
0 |
|a Book collections on Project MUSE.
|
| 856 |
4 |
0 |
|z Texto completo
|u https://projectmuse.uam.elogim.com/book/1335/
|
| 945 |
|
|
|a Project MUSE - Custom Collection
|
| 945 |
|
|
|a Project MUSE - 2010 Literature
|
| 945 |
|
|
|a Project MUSE - 2010 Complete
|